000 01417nam a2200349Ia 4500
001 ebr10067552
003 CaPaEBR
006 m u
007 cr cn|||||||||
008 990901s2000 enka sb 001 0 eng d
020 _z0333733312
040 _aCaPaEBR
_cCaPaEBR
035 _a(OCoLC)70742676
050 1 4 _aHC353
_b.M23 2000eb
245 0 0 _aMacroeconomic perspectives on the Danish economy
_h[electronic resource] /
_cedited by Torben M. Andersen, Svend E. Hougaard Jensen and Ole Risager.
260 _aHoundmills, Basingstoke, Hampshire :
_bPalgrave,
_c2000.
300 _axv, 376 p. :
_bill.
504 _aIncludes bibliographical references and index.
533 _aElectronic reproduction.
_bPalo Alto, Calif. :
_cebrary,
_d2009.
_nAvailable via World Wide Web.
_nAccess may be limited to ebrary affiliated libraries.
610 2 0 _aEconomic and Monetary Union
_zDenmark.
650 0 _aInvestments
_zDenmark.
650 0 _aTaxation
_zDenmark.
650 0 _aFiscal policy
_zDenmark.
650 0 _aPublic welfare
_zDenmark.
651 0 _aDenmark
_xEconomic conditions
_y1945-
655 7 _aElectronic books.
_2local
700 1 _aAndersen, Torben.
700 1 _aJensen, Svend E. Hougaard,
_d1959-
700 1 _aRisager, Ole.
710 2 _aebrary, Inc.
856 4 0 _uhttp://site.ebrary.com/lib/rucke/Doc?id=10067552
_zAn electronic book accessible through the World Wide Web; click to view
999 _c162903
_d162903